[Event "38th WCh U20 Girls"]
[Site "Cala Gonone ITA"]
[Date "2022.10.12"]
[Round "1.29"]
[White "Andhin, Chethanah"]
[Black "Vanduyfhuys, Daria"]
[Result "0-1"]
[WhiteElo "1493"]
[BlackElo "2073"]
[EventDate "2022.10.12"]
[PlyCount "50"]

1.d4 Nf6 2.Bf4 d5 3.Nf3 c5 4.c3 Nc6 5.e3 Qb6 6.Qc2 Nh5 7.Bg3 g6 8.Be2 Bf5 
9.Qc1 Rc8 10.Nbd2 Bg7 11.Nh4 Nxg3 12.fxg3 cxd4 13.Nxf5 gxf5 14.cxd4 O-O 
15.Qb1 Nb4 16.Bd1 Rc1 17.Qxf5 Rxa1 18.O-O Qe6 19.Qf3 Bh6 20.Kh1 Qxe3 21.
Qg4+ Qg5 22.Qxg5+ Bxg5 23.Nf3 Bf6 24.Kg1 Rc8 25.a3 Nc6 0-1

[Event "38th WCh U20 Girls"]
[Site "Cala Gonone ITA"]
[Date "2022.10.12"]
[Round "1.30"]
[White "Walter, Ema"]
[Black "Silvera, Pilar"]
[Result "1-0"]
[WhiteElo "2062"]
[BlackElo "1470"]
[EventDate "2022.10.12"]
[PlyCount "61"]

1.e4 c5 2.Nf3 d6 3.d4 cxd4 4.Nxd4 Nf6 5.Nc3 g6 6.Be3 Bg7 7.f3 O-O 8.Qd2 
Nc6 9.O-O-O d5 10.exd5 Nxd5 11.Nxc6 bxc6 12.Bd4 Be6 13.Bxg7 Kxg7 14.Bc4 
Nc7 15.Qf4 Qc8 16.h4 Bxc4 17.Qxc4 Qe6 18.Qf4 Nb5 19.Rhe1 Qf6 20.Qxf6+ exf6
21.Rd7 Rfd8 22.Ree7 Rxd7 23.Rxd7 Nxc3 24.bxc3 a5 25.Rc7 Ra6 26.a4 f5 27.
Kd2 Kf6 28.Kd3 Ke6 29.Kc4 h6 30.Kc5 h5 31.f4 1-0

[Event "38th WCh U20 Girls"]
[Site "Cala Gonone ITA"]
[Date "2022.10.12"]
[Round "1.31"]
[White "Jacobsen, Shanne Hedegaard"]
[Black "Levitan, Ronit"]
[Result "0-1"]
[WhiteElo "1412"]
[BlackElo "2024"]
[EventDate "2022.10.12"]
[PlyCount "66"]

1.d4 Nf6 2.Nf3 d5 3.Bf4 e6 4.e3 c5 5.c3 Bd6 6.Bg3 Qc7 7.Nbd2 Nbd7 8.Rc1 
O-O 9.c4 b6 10.b4 Bxg3 11.hxg3 Qd6 12.cxd5 exd5 13.bxc5 bxc5 14.dxc5 Nxc5 
15.Qc2 Nce4 16.Bd3 Bb7 17.Qb2 Ba6 18.Qd4 Qa3 19.Nb3 Qxa2 20.Nfd2 Bxd3 21.
Qxd3 Qb2 22.O-O a5 23.Rc2 Qe5 24.Nd4 h6 25.Ra2 Rfc8 26.Rfa1 Nxd2 27.Qxd2 
Ne4 28.Qb2 Rc5 29.Qb7 Rac8 30.Ne2 Qf5 31.Nf4 Rc1+ 32.Kh2 Nxf2 33.Rxc1 Ng4+
0-1

[Event "38th WCh U20 Girls"]
[Site "Cala Gonone ITA"]
[Date "2022.10.12"]
[Round "1.32"]
[White "Aubert, Estee"]
[Black "Shaw, Laurie Ann"]
[Result "1-0"]
[WhiteElo "2019"]
[BlackElo "1409"]
[EventDate "2022.10.12"]
[PlyCount "33"]

1.d4 Nf6 2.Bf4 c5 3.e3 Qb6 4.Nc3 cxd4 5.exd4 Nc6 6.Nf3 a6 7.Qd2 d5 8.Be2 
Qxb2 9.O-O Ne4 10.Nxe4 dxe4 11.Rfb1 Qa3 12.Ng5 e5 13.dxe5 Bf5 14.Bc4 Bg6 
15.e6 fxe6 16.Nxe6 b5 17.Nc7+ 1-0

[Event "38th WCh U20 Girls"]
[Site "Cala Gonone ITA"]
[Date "2022.10.12"]
[Round "1.33"]
[White "Gardiner, Noa Saxon"]
[Black "Simkunaite, Gabija"]
[Result "0-1"]
[WhiteElo "1266"]
[BlackElo "2014"]
[EventDate "2022.10.12"]
[PlyCount "52"]

1.e4 c5 2.Nc3 Nc6 3.g3 g6 4.Bg2 Bg7 5.d3 d6 6.Nge2 Rb8 7.O-O b5 8.h3 e6 9.
Qe1 Nge7 10.g4 b4 11.Nd1 Ba6 12.Ne3 h6 13.f4 Nd4 14.f5 Be5 15.Nxd4 cxd4 
16.Nd1 Bc8 17.fxe6 Bxe6 18.Qf2 g5 19.Bd2 Nc6 20.Rc1 Qb6 21.h4 Rh7 22.Bf3 
Kd7 23.Kh1 h5 24.Rg1 hxg4 25.Bxg4 Rxh4+ 26.Kg2 Rh2+ 0-1

[Event "38th WCh U20 Girls"]
[Site "Cala Gonone ITA"]
[Date "2022.10.13"]
[Round "2.1"]
[White "Salimova, Nurgyul"]
[Black "Nurgali, Nazerke"]
[Result "1/2-1/2"]
[WhiteElo "2415"]
[BlackElo "2169"]
[EventDate "2022.10.12"]
[PlyCount "83"]

1.d4 d5 2.c4 e6 3.Nf3 Nf6 4.g3 Be7 5.Bg2 O-O 6.O-O c6 7.Nc3 a5 8.Re1 Nbd7 
9.Nd2 Nb6 10.c5 Nbd7 11.e4 b6 12.e5 Ne8 13.cxb6 Qxb6 14.Nf3 c5 15.dxc5 
Nxc5 16.Be3 Bd7 17.Qc2 Rc8 18.Rad1 g6 19.h4 Ng7 20.Bg5 Bxg5 21.Nxg5 Bc6 
22.Qd2 Rcd8 23.g4 Qb4 24.Qd4 Rb8 25.Re2 Qxd4 26.Rxd4 h6 27.Nf3 Rfc8 28.
Rdd2 h5 29.Bh3 Na4 30.Nxa4 Bxa4 31.Nd4 Rc1+ 32.Kh2 hxg4 33.Bxg4 Rb4 34.b3 
Bb5 35.Re3 Ba6 36.f3 Rb8 37.f4 Rbc8 38.Rg3 Kf8 39.Rdg2 Ke7 40.Rg1 Rxg1 41.
Rxg1 Bd3 42.Rd1 1/2-1/2

[Event "38th WCh U20 Girls"]
[Site "Cala Gonone ITA"]
[Date "2022.10.13"]
[Round "2.2"]
[White "Radikovic, Anamarija"]
[Black "Kamalidenova, Meruert"]
[Result "0-1"]
[WhiteElo "2112"]
[BlackElo "2376"]
[EventDate "2022.10.12"]
[PlyCount "68"]

1.e4 c5 2.Nf3 d6 3.Bb5+ Bd7 4.Bxd7+ Nxd7 5.O-O Ngf6 6.Qe2 e6 7.b3 Be7 8.
Bb2 O-O 9.c4 a6 10.d4 cxd4 11.Nxd4 Qb6 12.Rd1 Rac8 13.Nc3 Rfe8 14.Kh1 Bf8 
15.h3 g6 16.Nc2 Bg7 17.Ne3 Nc5 18.Qf3 Qc6 19.Ncd5 Nfxe4 20.Bxg7 Kxg7 21.b4
exd5 22.bxc5 dxc4 23.cxd6 Nxd6 24.Qf4 Ne4 25.Rd4 Qf6 26.Qxf6+ Kxf6 27.Nxc4
Nxf2+ 28.Kg1 Ne4 29.Rf1+ Kg7 30.Rd7 Rxc4 31.Rfxf7+ Kh6 32.Rxh7+ Kg5 33.
Rxb7 Ng3 34.Rb3 Rc1+ 0-1

[Event "38th WCh U20 Girls"]
[Site "Cala Gonone ITA"]
[Date "2022.10.13"]
[Round "2.3"]
[White "Jarocka, Liwia"]
[Black "Beydullayeva, Govhar"]
[Result "0-1"]
[WhiteElo "2089"]
[BlackElo "2356"]
[EventDate "2022.10.12"]
[PlyCount "86"]

1.d4 Nf6 2.c4 e6 3.Nf3 b6 4.g3 Ba6 5.b3 Bb4+ 6.Bd2 Be7 7.Nc3 d5 8.cxd5 
exd5 9.Bg2 O-O 10.O-O Bb7 11.Qc2 Nbd7 12.Bf4 c6 13.Rfe1 Re8 14.Ne5 Nf8 15.
Red1 Ne6 16.Bh3 Bd6 17.Bxe6 Rxe6 18.Nd3 Rc8 19.Bxd6 Qxd6 20.b4 Ng4 21.Nf4 
Rh6 22.h3 Nf6 23.h4 Qxb4 24.Rab1 Qe7 25.a4 Re8 26.a5 b5 27.Na2 Ng4 28.Nb4 
a6 29.Rb3 Qd6 30.e3 Nf6 31.Nbd3 Bc8 32.Rc1 Ne4 33.Qd1 g5 34.Ng2 Qg6 35.Ne5
Rxe5 36.dxe5 gxh4 37.Nf4 Qg5 38.Rxc6 Rxc6 39.Qxd5 Rc1+ 40.Kg2 Nxg3 41.e6 
Qxd5+ 42.Nxd5 Bxe6 43.Nf6+ Kg7 0-1

[Event "38th WCh U20 Girls"]
[Site "Cala Gonone ITA"]
[Date "2022.10.13"]
[Round "2.4"]
[White "Schneider, Jana"]
[Black "Gombocz, Zsofia"]
[Result "1-0"]
[WhiteElo "2331"]
[BlackElo "2118"]
[EventDate "2022.10.12"]
[PlyCount "80"]

1.e4 e5 2.Nf3 Nc6 3.Bb5 a6 4.Ba4 Nf6 5.O-O Be7 6.Re1 b5 7.Bb3 O-O 8.a4 Bb7
9.d3 d6 10.c3 Na5 11.Ba2 c5 12.Nbd2 h6 13.Nf1 Re8 14.Ng3 Bf8 15.Bd2 c4 16.
axb5 axb5 17.Qc2 d5 18.exd5 Qxd5 19.Bb1 g6 20.Ne4 Nxe4 21.dxe4 Qc6 22.Be3 
Bg7 23.Qe2 Nb3 24.Rxa8 Rxa8 25.h4 Nc5 26.Nd2 Bf8 27.h5 g5 28.Bxc5 Qxc5 29.
Nf1 b4 30.Ne3 Ra1 31.cxb4 Qb5 32.Nc2 Ra4 33.b3 Ra8 34.bxc4 Qc6 35.c5 Ba6 
36.Qd2 Bc4 37.Qc3 Qe6 38.Ne3 Bb5 39.Bc2 Bc6 40.Bb3 Qe8 1-0

[Event "38th WCh U20 Girls"]
[Site "Cala Gonone ITA"]
[Date "2022.10.13"]
[Round "2.5"]
[White "Djidjeli, Sarah"]
[Black "Malicka, Maria"]
[Result "1/2-1/2"]
[WhiteElo "2082"]
[BlackElo "2327"]
[EventDate "2022.10.12"]
[PlyCount "62"]

1.e4 c6 2.d4 d5 3.Nd2 dxe4 4.Nxe4 Bf5 5.Ng3 Bg6 6.h4 h6 7.Bd3 Bxd3 8.Qxd3 
Nf6 9.N1e2 e6 10.Bd2 Be7 11.O-O-O Nbd7 12.Kb1 Qb6 13.Nf4 O-O-O 14.Rhe1 Kb8
15.Nf5 exf5 16.Rxe7 Ne4 17.Nh3 Ka8 18.f3 Rhe8 19.Rxe8 Nxd2+ 20.Qxd2 Rxe8 
21.d5 Nf6 22.dxc6 Qxc6 23.Qa5 Qc8 24.a3 b6 25.Qb5 Kb7 26.Nf4 g6 27.Nd5 Rd8
28.Rd3 Nxd5 29.Rxd5 Qc7 30.Qd3 Rxd5 31.Qxd5+ Kb8 1/2-1/2

[Event "38th WCh U20 Girls"]
[Site "Cala Gonone ITA"]
[Date "2022.10.13"]
[Round "2.6"]
[White "Priyanka, Nutakki"]
[Black "Aydin, Gulenay"]
[Result "1-0"]
[WhiteElo "2326"]
[BlackElo "2109"]
[EventDate "2022.10.12"]
[PlyCount "73"]

1.d4 Nf6 2.c4 g6 3.Nc3 Bg7 4.Nf3 O-O 5.Bg5 d6 6.Qd2 Bf5 7.Bh6 Nc6 8.h4 e5 
9.Bxg7 Kxg7 10.d5 Nb8 11.h5 Nxh5 12.e4 Bg4 13.Nh2 Bd7 14.Be2 Nf4 15.g3 
Nxe2 16.Nxe2 f5 17.Nf3 h5 18.Ng5 Na6 19.f3 Qf6 20.exf5 Bxf5 21.g4 Bd7 22.
gxh5 Rh8 23.h6+ Kf8 24.Ne4 Qf7 25.O-O-O Bf5 26.Rdf1 Ke7 27.Qg5+ Kd7 28.
Nf6+ Kc8 29.Ng3 b6 30.Nxf5 gxf5 31.Qg7 Qf8 32.Qxf8+ Rxf8 33.h7 Kb7 34.Rfg1
Rxf6 35.Rg8 Rff8 36.Rhg1 Rxg8 37.Rxg8 1-0

[Event "38th WCh U20 Girls"]
[Site "Cala Gonone ITA"]
[Date "2022.10.13"]
[Round "2.7"]
[White "Vanduyfhuys, Daria"]
[Black "Goltseva, Ekaterina"]
[Result "0-1"]
[WhiteElo "2073"]
[BlackElo "2300"]
[EventDate "2022.10.12"]
[PlyCount "76"]

1.d4 Nf6 2.c4 e6 3.Nf3 d5 4.Nc3 a6 5.cxd5 exd5 6.Bg5 Be6 7.e3 Nbd7 8.Bd3 
Bd6 9.O-O c6 10.Bf4 Qc7 11.Qd2 h6 12.b4 O-O 13.Rab1 b5 14.Rfc1 Bg4 15.Bxd6
Qxd6 16.Nh4 Nb6 17.h3 Be6 18.Rd1 Rfe8 19.Nf3 Nc4 20.Bxc4 bxc4 21.Ne5 Bf5 
22.Rb2 Ne4 23.Nxe4 Bxe4 24.f3 Bh7 25.Ng4 Bf5 26.Nf2 a5 27.bxa5 Qa3 28.Rb6 
Rxe3 29.Rxc6 Rae8 30.Rc5 c3 31.Qc1 Qxc1 32.Rxc1 Re1+ 33.Rxe1 Rxe1+ 34.Kh2 
c2 35.g4 Bg6 36.a6 c1=Q 37.a7 Qf4+ 38.Kg2 Re8 0-1

[Event "38th WCh U20 Girls"]
[Site "Cala Gonone ITA"]
[Date "2022.10.13"]
[Round "2.8"]
[White "Hrebenshchykova, Yelyzaveta"]
[Black "Koubova, Anna Marie"]
[Result "1-0"]
[WhiteElo "2268"]
[BlackElo "2089"]
[EventDate "2022.10.12"]
[PlyCount "129"]

1.e4 c6 2.d4 d5 3.e5 Bf5 4.h4 h5 5.c4 dxc4 6.Bxc4 e6 7.Nc3 Nd7 8.Nge2 Be7 
9.Ng3 Bg4 10.Be2 Bxe2 11.Qxe2 g6 12.Nge4 Nb6 13.Be3 Nh6 14.Rd1 Nf5 15.Bg5 
Nd5 16.Bxe7 Qxe7 17.Nxd5 exd5 18.Nf6+ Kf8 19.a3 Kg7 20.g3 Nd6 21.O-O Ne8 
22.Nxe8+ Raxe8 23.f4 c5 24.f5 Kh7 25.Qf3 cxd4 26.Qxd5 Rd8 27.fxg6+ fxg6 
28.Qe4 Rhe8 29.Rxd4 Qc5 30.Rf7+ Kh8 31.Rf4 Rxe5 32.Qxe5+ Qxe5 33.Rxd8+ Kg7
34.Rdd4 a5 35.Kg2 Qe3 36.Rfe4 Qc1 37.Re2 Qc6+ 38.Rde4 Kh6 39.Kh2 Qb5 40.
Rf2 Qc6 41.Re7 Qb6 42.Rff7 Qxb2+ 43.Kh3 Qh8 44.Rxb7 a4 45.Kg2 Qg8 46.Kf3 
Qh8 47.Ke4 Qe8+ 48.Kd3 Qd8+ 49.Rbd7 Qh8 50.Rh7+ Qxh7 51.Rxh7+ Kxh7 52.Kc4 
g5 53.Kb4 g4 54.Kxa4 Kg6 55.Kb5 Kf5 56.a4 Ke4 57.a5 Kf3 58.a6 Kxg3 59.a7 
Kh2 60.a8=Q g3 61.Qb8 Kh3 62.Qc8+ Kh2 63.Qc7 Kh3 64.Qd7+ Kh2 65.Qd6 1-0

[Event "38th WCh U20 Girls"]
[Site "Cala Gonone ITA"]
[Date "2022.10.13"]
[Round "2.9"]
[White "Levitan, Ronit"]
[Black "Schulze, Lara"]
[Result "0-1"]
[WhiteElo "2024"]
[BlackElo "2266"]
[EventDate "2022.10.12"]
[PlyCount "172"]

1.e4 e5 2.Nf3 Nc6 3.Bc4 Nf6 4.d3 Bc5 5.c3 d6 6.Nbd2 a5 7.O-O O-O 8.h3 h6 
9.Re1 Be6 10.Bb5 Nd7 11.Nf1 f5 12.exf5 Bxf5 13.d4 exd4 14.cxd4 Bb6 15.Ng3 
Bg6 16.a3 Nf6 17.Bd3 Bxd3 18.Qxd3 Ne7 19.Be3 Qd7 20.Nh4 Nfd5 21.Rac1 a4 
22.Ng6 Nxg6 23.Qxg6 Qf7 24.Qxf7+ Rxf7 25.Ne2 Ba5 26.Red1 Re8 27.Rd3 Rfe7 
28.Nc3 Bxc3 29.bxc3 Nxe3 30.fxe3 Rxe3 31.Rxe3 Rxe3 32.Kf2 Re8 33.Rb1 b6 
34.Rb4 Ra8 35.d5 Ra5 36.c4 Kf7 37.Ke3 Ke7 38.h4 Ra8 39.g4 Kf6 40.Rb1 Re8+ 
41.Kf3 Re5 42.Rd1 Ke7 43.Rb1 Kd7 44.Rb4 Re1 45.Rxa4 Rc1 46.Kf4 Ke7 47.g5 
Kf7 48.Kf5 g6+ 49.Kf4 h5 50.Kf3 Ke7 51.Ke3 Rh1 52.Ra7 Kd7 53.Ra8 Rxh4 54.
Rg8 Rxc4 55.Rxg6 Rg4 56.Rg8 b5 57.g6 Ke7 58.Rc8 Rxg6 59.Rxc7+ Kf6 60.Rb7 
Ke5 61.Rxb5 Rg3+ 62.Ke2 Rxa3 63.Rb7 h4 64.Rh7 h3 65.Rh5+ Ke4 66.Kf2 Ra2+ 
67.Kg1 Ra1+ 68.Kh2 Ra3 69.Rg5 Rf3 70.Rh5 Rf5 71.Rxh3 Kxd5 72.Kg2 Ke4 73.
Rh7 d5 74.Re7+ Kd3 75.Kg3 d4 76.Rd7 Ke3 77.Re7+ Kd2 78.Rd7 d3 79.Kg4 Rf8 
80.Kg3 Ke2 81.Re7+ Kd1 82.Rd7 d2 83.Rc7 Rf5 84.Kg4 Rf2 85.Kg3 Ke1 86.Rd7 
Re2 0-1

[Event "38th WCh U20 Girls"]
[Site "Cala Gonone ITA"]
[Date "2022.10.13"]
[Round "2.10"]
[White "Rudzinska, Michalina"]
[Black "Bashylina, Luisa"]
[Result "0-1"]
[WhiteElo "2259"]
[BlackElo "2073"]
[EventDate "2022.10.12"]
[PlyCount "148"]

1.e4 c5 2.Nf3 d6 3.d4 cxd4 4.Nxd4 Nf6 5.Nc3 a6 6.Be2 e5 7.Nb3 Be7 8.O-O 
O-O 9.Re1 Be6 10.Bf3 Nbd7 11.a4 Rc8 12.a5 Nc5 13.Nd2 Re8 14.Nf1 Qc7 15.Ne3
g6 16.g4 Kg7 17.g5 Ng8 18.Ned5 Qd8 19.h4 f6 20.Kg2 Rf8 21.Rh1 fxg5 22.Nxe7
Qxe7 23.hxg5 Rf7 24.Be3 Rcf8 25.Bg4 Rf4 26.Bxf4 Rxf4 27.Bxe6 Nxe6 28.f3 
Qxg5+ 29.Kf2 Nf6 30.Ra4 Ng4+ 31.Ke1 Nh2 32.Qxd6 Qg3+ 33.Kd2 Qg2+ 34.Ne2 
Nxf3+ 35.Kc3 Qxh1 36.Nxf4 Qe1+ 37.Kc4 Nxf4 38.Qe7+ Kh6 39.Qf8+ Kh5 40.Qf7 
Nd2+ 41.Kc5 Nxe4+ 42.Rxe4 Qxe4 43.Qxh7+ Kg4 44.Qd7+ Kg3 45.Kb6 Qb4+ 46.Ka7
Qxa5 47.Qxb7 Qb5 48.Qh1 Qxb2 49.Qg1+ Kf3 50.Qh1+ Kg4 51.Qc6 Qb5 52.Qc8+ 
Kf3 53.c4 Qa4 54.c5 e4 55.c6 Nd5 56.Qh3+ Kf4 57.Qh6+ Kf5 58.Qh3+ Kf6 59.
Qh8+ Kf5 60.Qh3+ Kf4 61.Qh6+ Kf3 62.Qh1+ Ke3 63.Qg1+ Kd3 64.Qf1+ Kc3 65.
Qe1+ Kd4 66.Qg1+ Kc4 67.Qf1+ Kc5 68.Qf8+ Kb5 69.Qb8+ Kc4 70.Qe5 Qxc6 71.
Qxe4+ Kc5 72.Qc2+ Kb5 73.Qb2+ Nb4 74.Qe5+ Qc5+ 0-1

[Event "38th WCh U20 Girls"]
[Site "Cala Gonone ITA"]
[Date "2022.10.13"]
[Round "2.11"]
[White "Urh, Zala"]
[Black "Walter, Ema"]
[Result "1-0"]
[WhiteElo "2221"]
[BlackElo "2062"]
[EventDate "2022.10.12"]
[PlyCount "63"]

1.e4 e5 2.Nf3 Nc6 3.Bb5 Nge7 4.Nc3 Ng6 5.d4 exd4 6.Nxd4 Nxd4 7.Qxd4 c6 8.
Be2 Qb6 9.Qd3 Be7 10.O-O O-O 11.a4 d6 12.a5 Qd8 13.f4 f5 14.Be3 Be6 15.Qd2
fxe4 16.Nxe4 Bf5 17.Ng3 Nh4 18.Bc4+ Kh8 19.Qf2 a6 20.Bb6 Qd7 21.Rae1 d5 
22.Bb3 Bf6 23.Nh5 Be7 24.Rxe7 Qxe7 25.Bc5 Qf7 26.Qxh4 Rg8 27.Bd4 Qg6 28.
Ng3 Rae8 29.c3 Rgf8 30.Bd1 Bd3 31.f5 Qd6 32.f6 1-0

[Event "38th WCh U20 Girls"]
[Site "Cala Gonone ITA"]
[Date "2022.10.13"]
[Round "2.12"]
[White "Kurmangaliyeva, Liya"]
[Black "Aubert, Estee"]
[Result "0-1"]
[WhiteElo "2199"]
[BlackElo "2019"]
[EventDate "2022.10.12"]
[PlyCount "66"]

1.e4 e6 2.d4 d5 3.e5 c5 4.c3 Nc6 5.Nf3 Bd7 6.Be2 Nge7 7.O-O Nf5 8.dxc5 
Bxc5 9.Bd3 Nfe7 10.Re1 Ng6 11.g3 f5 12.exf6 Qxf6 13.Bg5 Qf7 14.Bxg6 Qxg6 
15.Qxd5 O-O 16.Qxc5 Rxf3 17.c4 b6 18.Qd6 Rd3 19.Qf4 Nd4 20.Be7 Nf3+ 21.Kf1
e5 22.Rxe5 Bh3+ 23.Ke2 Nd4+ 24.Ke1 Nf3+ 25.Ke2 Nxe5 26.Qxe5 Bg4+ 27.f3 
Bxf3+ 28.Kf2 Bb7 29.Nc3 Qf7+ 30.Kg1 Qf3 31.Nd5 Rxd5 32.Qe6+ Kh8 33.Rf1 Rd1
0-1

[Event "38th WCh U20 Girls"]
[Site "Cala Gonone ITA"]
[Date "2022.10.13"]
[Round "2.13"]
[White "Kucharska, Honorata"]
[Black "Simkunaite, Gabija"]
[Result "1-0"]
[WhiteElo "2179"]
[BlackElo "2014"]
[EventDate "2022.10.12"]
[PlyCount "91"]

1.e4 c6 2.d4 d5 3.e5 Bf5 4.Nf3 e6 5.Be2 Nd7 6.O-O c5 7.c3 Ne7 8.Be3 Nc6 9.
a3 c4 10.Nbd2 Be7 11.Re1 O-O 12.Nf1 f6 13.exf6 Bxf6 14.Ng3 Bg6 15.b3 b5 
16.Ra2 Qc7 17.Ng5 Bxg5 18.Bxg5 h6 19.Be3 Nf6 20.a4 a6 21.b4 Qf7 22.Bf3 Ne7
23.Qa1 bxa4 24.Rxa4 Nf5 25.Nxf5 Bxf5 26.Qc1 Ne4 27.Bf4 Nf6 28.Bg3 Qg6 29.
Qe3 Rfe8 30.Be5 Nd7 31.Ra5 Bg4 32.Bxg4 Qxg4 33.Qg3 Nxe5 34.Qxe5 Qg6 35.h3 
Qd3 36.Re3 Qg6 37.Rc5 Re7 38.Rxd5 Rf8 39.Rd6 Qc2 40.f3 Rf5 41.Qe4 Qc1+ 42.
Kh2 Rg5 43.Rxe6 Rxe6 44.Qxe6+ Kh7 45.Qe4+ Kg8 46.f4 1-0

[Event "38th WCh U20 Girls"]
[Site "Cala Gonone ITA"]
[Date "2022.10.13"]
[Round "2.14"]
[White "Olde, Grete"]
[Black "Ouellet, Maili-Jade"]
[Result "0-1"]
[WhiteElo "1862"]
[BlackElo "2177"]
[EventDate "2022.10.12"]
[PlyCount "92"]

1.e4 c5 2.Nc3 Nc6 3.g3 g6 4.Bg2 Bg7 5.d3 d6 6.f4 e6 7.Nf3 Nge7 8.O-O O-O 
9.Be3 Rb8 10.Qd2 Nd4 11.Nd1 d5 12.e5 Nxf3+ 13.Bxf3 d4 14.Bf2 b6 15.g4 Nd5 
16.Bg3 Bh6 17.c4 dxc3 18.bxc3 Ba6 19.Nf2 Qc7 20.c4 Nb4 21.a3 Nc6 22.Bxc6 
Qxc6 23.Ne4 Rbd8 24.Qg2 Bb7 25.Rad1 Bg7 26.Bh4 Rd4 27.Bf6 Qd7 28.Qe2 Bxe4 
29.dxe4 Bxf6 30.exf6 Rd8 31.Rde1 Rd2 32.Qe3 Rd3 33.Qf2 Qd4 34.Qxd4 R8xd4 
35.f5 e5 36.fxg6 hxg6 37.a4 Rxc4 38.a5 b5 39.Rc1 Rdd4 40.Rxc4 Rxc4 41.Rd1 
Rd4 42.Re1 c4 43.Kf2 b4 44.Ke3 b3 45.Rb1 g5 46.Rb2 Kh7 0-1

[Event "38th WCh U20 Girls"]
[Site "Cala Gonone ITA"]
[Date "2022.10.13"]
[Round "2.15"]
[White "Kanyamarala, Trisha"]
[Black "Le Thuy An"]
[Result "1-0"]
[WhiteElo "2174"]
[BlackElo "1728"]
[EventDate "2022.10.12"]
[PlyCount "77"]

1.d4 d5 2.c4 e6 3.Nc3 Nf6 4.cxd5 exd5 5.Bg5 c6 6.e3 Bf5 7.Qf3 Bg6 8.Bxf6 
Qxf6 9.Qxf6 gxf6 10.Nf3 Nd7 11.O-O-O a5 12.Nh4 b5 13.Bd3 Nb6 14.Nf5 Kd7 
15.h4 h5 16.Ne2 Bd6 17.Rh3 Nc4 18.Rf3 Ke6 19.Nxd6 Bxd3 20.Nf4+ Kxd6 21.
Nxd3 Ke7 22.Nc5 Nd6 23.Kd2 Rhg8 24.g3 Rg6 25.Rc1 Rc8 26.Ke2 f5 27.Rf4 Rf6 
28.Nd3 Ne4 29.Rf3 Kd6 30.Rf4 c5 31.dxc5+ Nxc5 32.Rd4 Rc7 33.Nf4 Ne6 34.
Rxd5+ Ke7 35.Rxc7+ Nxc7 36.Rc5 Kd6 37.Rxc7 Kxc7 38.Nd5+ Kd6 39.Nxf6 1-0

[Event "38th WCh U20 Girls"]
[Site "Cala Gonone ITA"]
[Date "2022.10.13"]
[Round "2.16"]
[White "Mkrtchian, Mariam"]
[Black "Serikbay, Assel"]
[Result "0-1"]
[WhiteElo "2374"]
[BlackElo "2181"]
[EventDate "2022.10.12"]
[PlyCount "110"]

1.d4 d5 2.c4 c6 3.Nf3 Nf6 4.Qb3 dxc4 5.Qxc4 Bf5 6.g3 Nbd7 7.Bg2 a5 8.a4 e6
9.O-O Be7 10.Nc3 O-O 11.Re1 Bb4 12.Bd2 c5 13.dxc5 Rc8 14.Qb5 Nxc5 15.Bf4 
Bc2 16.Nd2 e5 17.Bg5 h6 18.Bxf6 gxf6 19.Nf1 Nb3 20.Ra2 Nd4 21.Qxb7 Rb8 22.
Qa7 Qd6 23.Nd2 Rfc8 24.Bd5 Qc7 25.Qxc7 Rxc7 26.e3 Ne6 27.Rc1 Bd3 28.Nb3 
Rbc8 29.Raa1 Nc5 30.Na2 Nxb3 31.Bxb3 Bd6 32.Rd1 e4 33.Bd5 Be5 34.Rd2 Rc2 
35.Rad1 Bxb2 36.g4 Be2 37.Rxc2 Rxc2 38.Re1 Bf3 39.h3 Kg7 40.Rb1 Rd2 41.Bc4
Bd1 42.Bb5 Be5 43.Rc1 Bc2 44.Bc6 Bb2 45.Re1 Bb3 46.Nc1 Bd1 47.Na2 Bf3 48.
Bb5 Rc2 49.Rb1 f5 50.gxf5 Bf6 51.Nc1 Bh4 52.Nb3 Bxf2+ 53.Kf1 Bxe3 54.Nxa5 
Rh2 55.Ke1 Bd2+ 0-1

[Event "38th WCh U20 Girls"]
[Site "Cala Gonone ITA"]
[Date "2022.10.13"]
[Round "2.17"]
[White "Ortega Beltran, Ximena"]
[Black "Gomez Barrera, Javiera Belen"]
[Result "0-1"]
[WhiteElo "1820"]
[BlackElo "2219"]
[EventDate "2022.10.12"]
[PlyCount "79"]

1.c4 e5 2.Nc3 Nf6 3.g3 Bb4 4.Nd5 Nxd5 5.cxd5 O-O 6.Bg2 d6 7.e3 c6 8.Ne2 
cxd5 9.a3 Ba5 10.b4 Bb6 11.Bxd5 Nd7 12.O-O Nf6 13.Bg2 Qe7 14.Nc3 Be6 15.a4
d5 16.a5 Bc7 17.Ba3 Rfd8 18.d4 Qd7 19.Bb2 e4 20.Re1 Bg4 21.Qb3 Qf5 22.Ne2 
Bf3 23.Rac1 Rac8 24.Nf4 g5 25.Bh3 Bg4 26.Bxg4 Nxg4 27.Nh3 Rd6 28.Qd1 Rh6 
29.f3 Nxh2 30.g4 Nxf3+ 31.Kf1 Nh2+ 32.Kg2 Qf3+ 33.Qxf3 exf3+ 34.Kf2 Rxh3 
35.Rg1 a6 36.b5 axb5 37.Ba3 Rh6 38.Be7 Rg6 39.e4 Re6 40.Bc5 0-1

[Event "38th WCh U20 Girls"]
[Site "Cala Gonone ITA"]
[Date "2022.10.13"]
[Round "2.18"]
[White "Malikova, Marjona"]
[Black "Ishvi, Aggarwal"]
[Result "1-0"]
[WhiteElo "1830"]
[BlackElo "1964"]
[EventDate "2022.10.12"]
[PlyCount "59"]

1.d4 d5 2.c4 e6 3.Nc3 Nf6 4.cxd5 exd5 5.Bg5 Be7 6.e3 c6 7.Bd3 Nbd7 8.Nf3 
O-O 9.Qc2 Re8 10.O-O h6 11.Bf4 Nh5 12.Nxd5 Nxf4 13.Nxf4 Bd6 14.Ne2 Nb6 15.
Bh7+ Kh8 16.Bf5 Qf6 17.Bxc8 Raxc8 18.Ng3 c5 19.Qb3 g5 20.dxc5 Bxc5 21.Nh5 
Qg6 22.Qc3+ f6 23.Qxf6+ Kh7 24.Ne5 Qxh5 25.g4 Rf8 26.Qxf8 Qxh2+ 27.Kxh2 
Rxf8 28.Rad1 Rf6 29.Kg2 Bd6 30.f4 1-0

[Event "38th WCh U20 Girls"]
[Site "Cala Gonone ITA"]
[Date "2022.10.13"]
[Round "2.19"]
[White "Mikic, Ivana"]
[Black "Altantuya, Boldbaatar"]
[Result "1/2-1/2"]
[WhiteElo "1783"]
[BlackElo "2223"]
[EventDate "2022.10.12"]
[PlyCount "106"]

1.e4 e6 2.d4 d5 3.exd5 exd5 4.Bd3 Bd6 5.c3 Ne7 6.Ne2 Nbc6 7.Bf4 Bg4 8.f3 
Bh5 9.O-O Bg6 10.Re1 Qd7 11.Qc2 O-O-O 12.b4 Bxd3 13.Qxd3 h5 14.a4 Bxf4 15.
Nxf4 g5 16.Ne2 Rdg8 17.a5 Rg6 18.Nd2 Qf5 19.Qxf5+ Nxf5 20.Ng3 Nd6 21.Ngf1 
Nb5 22.Rac1 b6 23.axb6 axb6 24.Ne3 Rd8 25.Nf5 Kb7 26.Nf1 Rgg8 27.Ne7 Rge8 
28.Nxc6 Kxc6 29.Kf2 Ra8 30.Rxe8 Rxe8 31.Ne3 Nd6 32.Ra1 Rf8 33.Ke2 f5 34.
Kd3 f4 35.Nc2 Re8 36.Re1 Rxe1 37.Nxe1 Nf5 38.Kd2 Kb5 39.Nd3 Ne3 40.h4 gxh4
41.Nxf4 Nxg2 42.Nh3 c5 43.bxc5 bxc5 44.dxc5 Kxc5 45.f4 d4 46.cxd4+ Kxd4 
47.Ke2 Ke4 48.Kf2 Ne3 49.Ng5+ Kxf4 50.Ne6+ Kg4 51.Kxe3 h3 52.Kf2 h2 53.Kg2
h4 1/2-1/2

[Event "38th WCh U20 Girls"]
[Site "Cala Gonone ITA"]
[Date "2022.10.13"]
[Round "2.20"]
[White "Hajiyeva, Laman"]
[Black "Ruiz Villalba, Andrea"]
[Result "0-1"]
[WhiteElo "2138"]
[BlackElo "1764"]
[EventDate "2022.10.12"]
[PlyCount "124"]

1.e4 c5 2.c3 Nf6 3.e5 Nd5 4.Nf3 d6 5.d4 cxd4 6.cxd4 Nc6 7.Bc4 dxe5 8.dxe5 
Be6 9.O-O g6 10.Ng5 Bg7 11.f4 Qa5 12.Nxe6 fxe6 13.Kh1 Rd8 14.Qg4 O-O 15.
Bd2 Qc5 16.Na3 Kh8 17.Rad1 Ne3 18.Bxe3 Qxe3 19.Rxd8 Rxd8 20.Qxe6 g5 21.
fxg5 Qxg5 22.Qh3 Nxe5 23.Be2 Qd2 24.Qh5 Qxb2 25.Nb5 a6 26.Nc7 Qxa2 27.h3 
b5 28.Ne8 Qg8 29.Nc7 Qa2 30.Ne8 Ng6 31.Nxg7 Kxg7 32.Bf3 Qe6 33.Qc5 Qd6 34.
Qc3+ Qd4 35.Qa5 Rd6 36.Re1 b4 37.Rb1 Rb6 38.Be2 Qd6 39.Bc4 b3 40.Qc3+ Qe5 
41.Rxb3 Qxc3 42.Rxc3 Rc6 43.Rc2 Ne5 44.Bb3 Rxc2 45.Bxc2 a5 46.Kg1 Kf6 47.
Kf2 h5 48.g3 Nd7 49.Ke3 e5 50.Ke4 a4 51.Kd5 a3 52.Bb1 Nb6+ 53.Kc5 e4 54.
Kd4 Nd5 55.g4 h4 56.Kxe4 Nc3+ 57.Kd3 Nxb1 58.Kc2 a2 59.Kb2 Nc3 60.Ka1 Kg5 
61.Kb2 Nd1+ 62.Kxa2 Nf2 0-1

[Event "38th WCh U20 Girls"]
[Site "Cala Gonone ITA"]
[Date "2022.10.13"]
[Round "2.21"]
[White "Saravanan, Durga"]
[Black "Singgih, Diajeng Theresa"]
[Result "1/2-1/2"]
[WhiteElo "1736"]
[BlackElo "1991"]
[EventDate "2022.10.12"]
[PlyCount "127"]

1.d4 d5 2.c4 e6 3.Nc3 Nf6 4.cxd5 Nxd5 5.e4 Nxc3 6.bxc3 c5 7.Nf3 cxd4 8.
cxd4 Bb4+ 9.Bd2 Bxd2+ 10.Qxd2 O-O 11.Bc4 b6 12.O-O Bb7 13.Rfe1 Nc6 14.Rad1
Rc8 15.Rc1 Na5 16.Bd3 Nc6 17.d5 Na5 18.dxe6 fxe6 19.Ng5 Rxc1 20.Rxc1 Ba6 
21.Rd1 Qxd3 22.Qxd3 Bxd3 23.Rxd3 h6 24.Nxe6 Re8 25.Rd8 Rxd8 26.Nxd8 Kf8 
27.Ne6+ Kf7 28.Nd4 Nc4 29.f3 Ne3 30.Nb5 a6 31.Nc7 a5 32.Nb5 Ke6 33.Kf2 Nc4
34.Ke2 Kd7 35.Kd3 Nb2+ 36.Kd4 Kc6 37.Nc3 b5 38.e5 b4 39.Nd5 Na4 40.f4 Nc5 
41.f5 b3 42.Ne7+ Kd7 43.axb3 Nxb3+ 44.Kc3 Nc5 45.Nd5 a4 46.Nf4 a3 47.g4 
Ne4+ 48.Kb3 Nd2+ 49.Ka2 Nc4 50.e6+ Ke7 51.Nh5 g6 52.Nf4 gxf5 53.gxf5 Kf6 
54.Nd5+ Kxf5 55.e7 Nd6 56.Nc7 Kf6 57.e8=Q Nxe8 58.Nxe8+ Kg5 59.Ng7 Kg4 60.
Kxa3 h5 61.Nxh5 Kxh5 62.Kb3 Kg4 63.Kc3 Kh3 64.Kd2 1/2-1/2

[Event "38th WCh U20 Girls"]
[Site "Cala Gonone ITA"]
[Date "2022.10.13"]
[Round "2.22"]
[White "Cassi, Elisa"]
[Black "Muha, Magdalena"]
[Result "1-0"]
[WhiteElo "1965"]
[BlackElo "1706"]
[EventDate "2022.10.12"]
[PlyCount "107"]

1.e4 c6 2.d4 d5 3.Nd2 dxe4 4.Nxe4 Nf6 5.Nxf6+ exf6 6.c3 Bd6 7.Bd3 O-O 8.
Ne2 Re8 9.O-O Nd7 10.Ng3 g6 11.Bh6 f5 12.Qd2 Bf8 13.Rfe1 Nf6 14.Rxe8 Nxe8 
15.Bxf8 Kxf8 16.Qh6+ Kg8 17.Re1 Be6 18.h4 Nf6 19.h5 Ng4 20.Qf4 Qh4 21.Qd6 
Rd8 22.Qf4 g5 23.Nxf5 Bxf5 24.Qxf5 Qh2+ 25.Kf1 Qh1+ 26.Ke2 Re8+ 27.Be4 
Qxh5 28.Kd2 Re6 29.Bf3 Rxe1 30.Kxe1 Qh1+ 31.Ke2 Nh2 32.Qxg5+ Kf8 33.Qd8+ 
Kg7 34.Qg5+ Kf8 35.Qe3 Nxf3 36.Kxf3 Qh5+ 37.g4 Qh1+ 38.Kg3 Qg1+ 39.Kh4 
Qh1+ 40.Kg5 Qd5+ 41.Qe5 Qd8+ 42.Kh5 f6 43.Qe6 Kg7 44.g5 fxg5 45.Qe5+ Kf7 
46.Qf5+ Ke8 47.Qxg5 Qb6 48.Qg8+ Ke7 49.Qxh7+ Kd6 50.Qg6+ Kd5 51.Qf5+ Kd6 
52.Qc5+ Qxc5+ 53.dxc5+ Kxc5 54.f4 1-0